[Event "34ème Open International d'Avoine"]
[Site "AVOINE"]
[Date "2019.07.20"]
[Round "5.35"]
[White "Roux, Baptiste"]
[Black "Pottier, Simeon"]
[Result "1/2-1/2"]
[WhiteElo "2056"]
[BlackElo "2192"]
[PlyCount "180"]
[EventDate "2019.??.??"]
[WhiteTeam "Corsica Chess Club"]
[BlackTeam "LEC Echiquier Limousin"]

1. e4 c5 2. Nf3 Nc6 3. c3 Qa5 4. Bd3 g6 5. O-O Bg7 6. Bc2 d6 7. h3 Nf6 8. Re1
O-O 9. d4 cxd4 10. cxd4 e5 11. Bd2 Qb6 12. Bc3 Nh5 13. d5 Nd4 14. Nbd2 Nf4 15.
Nc4 Qc5 16. Bxd4 exd4 17. Bd3 f5 18. Bf1 fxe4 19. Rxe4 Qxd5 20. Rxf4 Rxf4 21.
Qc1 Rxf3 22. gxf3 Be6 23. Qf4 Be5 24. Nxe5 dxe5 25. Qe4 Qxe4 26. fxe4 g5 27.
Kg2 Rc8 28. Bd3 a5 29. a3 Rc6 30. h4 h6 31. hxg5 hxg5 32. Kf3 Kg7 33. Ke2 Bg4+
34. f3 Bh5 35. b4 a4 36. Ra2 Rc3 37. Rc2 Bxf3+ 38. Kxf3 Rxd3+ 39. Kg4 Rc3 40.
Rf2 d3 41. Kxg5 Rxa3 42. Kf5 Ra1 43. Kxe5 a3 44. Rd2 a2 45. Kd4 Kf6 46. Kd5 Ke7
47. b5 b6 48. Ke5 Ke8 49. Ke6 Re1 50. Rxa2 Rxe4+ 51. Kd5 Re2 52. Ra1 d2 53. Rd1
Kd7 54. Kd4 Kd6 55. Kd3 Rh2 56. Rxd2 Rh4 57. Rb2 Kd5 58. Kc3 Kc5 59. Rb3 Rh2
60. Kd3 Rg2 61. Kc3 Rg4 62. Kb2 Kc4 63. Ka3 Rg1 64. Rb4+ Kc5 65. Rb3 Rg2 66.
Rb1 Rg8 67. Rb3 Ra8+ 68. Kb2 Ra4 69. Kc3 Ra2 70. Rb2 Ra3+ 71. Kc2 Kc4 72. Kb1
Re3 73. Ka2 Rh3 74. Rb1 Rh2+ 75. Ka3 Rh7 76. Rb3 Ra7+ 77. Kb2 Ra5 78. Kc2 Rxb5
79. Rxb5 Kxb5 80. Kb3 Kc5 81. Kc3 b5 82. Kb3 b4 83. Kb2 Kc4 84. Kc2 b3+ 85. Kb2
Kb4 86. Kb1 Ka4 87. Kb2 Kb4 88. Kb1 Kc3 89. Kc1 b2+ 90. Kb1 Kb3 1/2-1/2

[Event "34ème Open International d'Avoine"]
[Site "AVOINE"]
[Date "2019.07.24"]
[Round "5.36"]
[White "Dube, Dimitri"]
[Black "Vallet, Marc"]
[Result "0-1"]
[WhiteElo "2052"]
[BlackElo "2181"]
[PlyCount "80"]
[EventDate "2019.??.??"]

1. c3 Nf6 2. g3 d5 3. Bg2 c6 4. Nf3 h6 5. O-O Bf5 6. d3 Bh7 7. b4 Nbd7 8. Bb2
e6 9. Nbd2 a5 10. a3 Be7 11. Qb3 O-O 12. c4 Re8 13. Bc3 a4 14. Qa2 Bd6 15. b5
c5 16. Rad1 d4 17. Ba1 e5 18. Ne1 Ra7 19. Ne4 Nxe4 20. dxe4 Nf6 21. f3 b6 22.
Nd3 Nd7 23. Qd2 Nf8 24. e3 f5 25. f4 fxe4 26. Nxe5 Bxe5 27. fxe5 d3 28. Rf4 Ne6
29. Bxe4 Bxe4 30. Rxe4 Rd7 31. Qg2 Rf8 32. Bc3 g5 33. h4 Rdf7 34. hxg5 hxg5 35.
Rg4 Rf3 36. Qd2 Qd7 37. Qe1 Qh7 38. Kg2 Rf2+ 39. Qxf2 Rxf2+ 40. Kxf2 Qh2+ 0-1

[Event "34ème Open International d'Avoine"]
[Site "AVOINE"]
[Date "2019.07.24"]
[Round "5.37"]
[White "Delaveau, Nathan"]
[Black "Devallee, Jeremie"]
[Result "0-1"]
[WhiteElo "1547"]
[BlackElo "2299"]
[PlyCount "72"]
[EventDate "2019.??.??"]

1. d4 Nf6 2. Nf3 c5 3. d5 e6 4. Nc3 exd5 5. Nxd5 Nxd5 6. Qxd5 Nc6 7. Bg5 Be7 8.
O-O-O Nb4 9. Bxe7 Qxe7 10. Qb3 d6 11. a3 Be6 12. Qa4+ Nc6 13. e3 O-O 14. Bd3 a6
15. Qf4 f6 16. h4 g6 17. g4 Ne5 18. Nxe5 dxe5 19. Qg3 c4 20. Be2 c3 21. f4 Rac8
22. fxe5 cxb2+ 23. Kxb2 Qc5 24. Rd2 Qc3+ 25. Kb1 Qxd2 26. Bd3 Rfd8 27. e4 Rc3
28. Rh2 Rdxd3 29. Rxd2 Rxg3 30. exf6 Rxg4 31. Rd8+ Kf7 32. e5 Re4 33. Rh8 Rxe5
34. Rxh7+ Kxf6 35. Rxb7 Rb5+ 36. Rxb5 axb5 0-1

[Event "34ème Open International d'Avoine"]
[Site "AVOINE"]
[Date "2019.07.24"]
[Round "5.38"]
[White "Chosson, Julien"]
[Black "Baillon, Olivier"]
[Result "0-1"]
[WhiteElo "1916"]
[BlackElo "2279"]
[PlyCount "102"]
[EventDate "2019.??.??"]

1. d4 g6 2. c4 Bg7 3. e4 c5 4. d5 d6 5. Nc3 e6 6. Nge2 Ne7 7. Ng3 exd5 8. cxd5
a6 9. a4 O-O 10. Be2 f5 11. exf5 Nxf5 12. Nxf5 Bxf5 13. O-O Bd4 14. Be3 Bxe3
15. fxe3 Qg5 16. Qc1 Qe7 17. g4 Be4 18. Rxf8+ Kxf8 19. Qf1+ Kg7 20. Qf4 Bc2 21.
Qf2 Nd7 22. Bxa6 bxa6 23. Qxc2 Qxe3+ 24. Qf2 Qxf2+ 25. Kxf2 Rb8 26. Rb1 Ne5 27.
Kg3 Rb4 28. h3 h6 29. b3 Kf6 30. Rf1+ Ke7 31. Rb1 Kd7 32. a5 c4 33. bxc4 Rxb1
34. Nxb1 Nxc4 35. Kf4 Nxa5 36. h4 Nc4 37. Nc3 Ke7 38. h5 g5+ 39. Ke4 a5 40. Na4
Kf6 41. Nc3 Ne5 42. Nb5 Ke7 43. Kf5 a4 44. Na3 Kf7 45. Nb5 Nc4 46. Ke4 a3 47.
Nc3 Kf6 48. Kd3 Ne5+ 49. Kc2 Nxg4 50. Kb3 Ke5 51. Kxa3 Nf6 0-1

[Event "34ème Open International d'Avoine"]
[Site "AVOINE"]
[Date "2019.07.24"]
[Round "5.39"]
[White "Cavailles, Evan"]
[Black "Dalaud, Dorian"]
[Result "1/2-1/2"]
[WhiteElo "1896"]
[BlackElo "2220"]
[PlyCount "74"]
[EventDate "2019.??.??"]

1. e4 c5 2. Nf3 Nc6 3. d4 cxd4 4. Nxd4 Nf6 5. Nc3 d6 6. f3 e5 7. Nb3 Be6 8. Be3
Be7 9. Qd2 O-O 10. O-O-O a5 11. Kb1 a4 12. Nc1 a3 13. b3 Nb4 14. g4 d5 15. g5
d4 16. gxf6 Bxf6 17. Nd5 Nxd5 18. exd5 dxe3 19. Qxe3 Bf5 20. Bd3 Bxd3 21. Qxd3
Rc8 22. Qe4 Qd6 23. h4 g6 24. h5 Bg7 25. hxg6 hxg6 26. Ne2 f5 27. Qd3 Rc5 28.
b4 Qb6 29. Qb3 Rcc8 30. d6+ Rf7 31. c4 Qf2 32. Rhe1 e4 33. fxe4 fxe4 34. c5 Kf8
35. Rf1 Qxf1 36. Rxf1 Rxf1+ 37. Kc2 Re8 1/2-1/2

[Event "34ème Open International d'Avoine"]
[Site "AVOINE"]
[Date "2019.07.24"]
[Round "5.40"]
[White "Besson, Bastien"]
[Black "Algaba, Solene"]
[Result "1-0"]
[WhiteElo "2204"]
[BlackElo "1931"]
[PlyCount "55"]
[EventDate "2019.??.??"]

1. e4 c5 2. Nf3 d6 3. d4 cxd4 4. Nxd4 Nf6 5. Nc3 Nc6 6. Bg5 a6 7. Qd2 Qa5 8.
Nb3 Qc7 9. f4 e6 10. Be2 Be7 11. O-O-O b5 12. Bxf6 gxf6 13. Rde1 Bb7 14. f5
O-O-O 15. fxe6 fxe6 16. Bg4 Qd7 17. Nd4 Nxd4 18. Qxd4 Kb8 19. Nd5 e5 20. Qb6
Qxg4 21. Nxe7 Qd7 22. Nd5 f5 23. Nb4 fxe4 24. Re3 a5 25. Na6+ Ka8 26. Nc7+ Kb8
27. Nxb5 Qc6 28. Qa7+ 1-0

[Event "34ème Open International d'Avoine"]
[Site "AVOINE"]
[Date "2019.07.24"]
[Round "5.41"]
[White "Dubois, Emmanuelle"]
[Black "Sohier, Julien"]
[Result "0-1"]
[WhiteElo "1863"]
[BlackElo "2188"]
[PlyCount "44"]
[EventDate "2019.??.??"]

1. e4 e6 2. d4 d5 3. Nc3 Bb4 4. e5 c5 5. Bd2 Ne7 6. Nb5 Bxd2+ 7. Qxd2 O-O 8. f4
cxd4 9. Nf3 Nbc6 10. Bd3 f6 11. O-O Bd7 12. Nbxd4 Nxd4 13. Nxd4 Qb6 14. Kh1 Be8
15. c3 fxe5 16. fxe5 Bg6 17. Bb5 Nf5 18. Bd7 Nxd4 19. Qxd4 Qa6 20. Rfe1 Rf7 21.
Ba4 Raf8 22. h3 Rf4 0-1

[Event "34ème Open International d'Avoine"]
[Site "AVOINE"]
[Date "2019.07.24"]
[Round "5.42"]
[White "Depoorter, Enguerran"]
[Black "Primel, Dominique"]
[Result "1/2-1/2"]
[WhiteElo "2183"]
[BlackElo "1916"]
[PlyCount "66"]
[EventDate "2019.??.??"]

1. d4 Nf6 2. c4 e6 3. Nf3 b6 4. Nc3 Bb4 5. Bg5 Bb7 6. e3 h6 7. Bh4 g5 8. Bg3
Ne4 9. Qc2 f5 10. Bd3 Bxc3+ 11. bxc3 d6 12. d5 Na6 13. Bxe4 fxe4 14. Qxe4 Qf6
15. O-O Nc5 16. Qd4 O-O 17. Rac1 e5 18. Qd1 Rae8 19. Qe2 Bc8 20. Nd2 Qg6 21. e4
h5 22. f3 h4 23. Bf2 Nd7 24. Be3 Nf6 25. h3 Nh5 26. Rfd1 Nf4 27. Bxf4 gxf4 28.
Kh1 Re7 29. c5 bxc5 30. Nf1 Rg7 31. Nh2 Kh8 32. Rb1 Rfg8 33. Ng4 Qg5 1/2-1/2

[Event "34ème Open International d'Avoine"]
[Site "AVOINE"]
[Date "2019.07.24"]
[Round "5.43"]
[White "Degardin, Sylvain"]
[Black "Lafourcade, Victor"]
[Result "0-1"]
[WhiteElo "2180"]
[BlackElo "1909"]
[PlyCount "92"]
[EventDate "2019.??.??"]

1. e4 c5 2. Nf3 e6 3. d4 cxd4 4. Nxd4 Nf6 5. Nc3 d6 6. Be2 a6 7. O-O Qc7 8. a4
b6 9. f4 Bb7 10. Bf3 Nbd7 11. Kh1 Be7 12. Qe2 Rc8 13. e5 dxe5 14. fxe5 Bxf3 15.
Nxf3 Ng4 16. Qxa6 O-O 17. Bf4 Ngxe5 18. Rad1 Qc5 19. Nxe5 Nxe5 20. Qe2 Ng6 21.
Bg3 Qb4 22. Rb1 Bf6 23. Ne4 Qxa4 24. c3 Be5 25. Bxe5 Nxe5 26. Ng5 Ng6 27. Ra1
Qc4 28. Qf2 Qc5 29. Qg3 Qe5 30. Qg4 Rc5 31. Nf3 Qf5 32. Qh3 Qe4 33. Qg3 Rb5 34.
Rf2 Ra5 35. Raf1 Qf4 36. Qh3 Qe3 37. Qg4 Rf5 38. Qb4 Ne5 39. Qd4 Qxd4 40. Nxd4
Rxf2 41. Rxf2 Ra8 42. Nb3 Nd3 43. Rd2 Nc5 44. Nc1 f6 45. g3 Ra1 46. Rd1 Nb3 0-1

[Event "34ème Open International d'Avoine"]
[Site "AVOINE"]
[Date "2019.07.20"]
[Round "5.44"]
[White "Mancini, Mario"]
[Black "Kibleur, Christophe"]
[Result "1-0"]
[WhiteElo "2166"]
[BlackElo "1894"]
[PlyCount "75"]
[EventDate "2019.??.??"]
[WhiteTeam "Cercle d'Echecs de Villepinte"]
[BlackTeam "Echiquier Tourangeau"]

1. d4 Nf6 2. c4 c6 3. Nc3 d5 4. e3 e6 5. Nf3 a6 6. b3 Bb4 7. Bd2 Nbd7 8. Bd3
O-O 9. O-O b5 10. Nxd5 Nxd5 11. cxd5 Bxd2 12. dxc6 Ba5 13. cxd7 Qxd7 14. Ne5
Qd5 15. Be2 Rb8 16. Bf3 Qd6 17. Rc1 Bd7 18. Bc6 Be8 19. Bxe8 Rfxe8 20. Rc6 Qd5
21. Qf3 Qxf3 22. Nxf3 Ra8 23. Rfc1 Bb4 24. Ne5 Red8 25. g3 h5 26. Nd3 Bd6 27.
Nc5 Ra7 28. Nxa6 e5 29. Rc8 Rxc8 30. Rxc8+ Kh7 31. dxe5 Bxe5 32. Rc5 Bd6 33.
Rc6 Be5 34. Rb6 Bc3 35. Rc6 Bd2 36. Kf1 Ba5 37. Nc5 g5 38. Ra6 {
1-0 (38) Mancini,M (2166)-Kibleur,C (1894) AVOINE 2019} 1-0

[Event "34ème Open International d'Avoine"]
[Site "AVOINE"]
[Date "2019.07.20"]
[Round "5.45"]
[White "Hurstel, Alexis"]
[Black "Midy, Robin"]
[Result "0-1"]
[WhiteElo "1769"]
[BlackElo "2160"]
[PlyCount "66"]
[EventDate "2019.??.??"]
[WhiteTeam "Thomas Bourgneuf - Creteil"]
[BlackTeam "Echiquier Club Le Mans"]

1. e4 g6 2. Nc3 Bg7 3. d4 a6 4. Be3 b5 5. a3 Bb7 6. g3 d6 7. Bg2 Nd7 8. Nge2
Nb6 9. b3 Nf6 10. h3 Nfd7 11. O-O c5 12. f4 Qc7 13. Qd2 cxd4 14. Bxd4 Bxd4+ 15.
Qxd4 Qc5 16. Rf2 Qxd4 17. Nxd4 Rc8 18. Nde2 O-O 19. Rc1 Rc7 20. Nd1 Rfc8 21.
Ne3 Nc5 22. Nd4 Nd3 23. Rcf1 Nxf2 24. Rxf2 Rc5 25. f5 Nd7 26. Ng4 Ne5 27. fxg6
hxg6 28. Ne3 Nd7 29. Ng4 Kg7 30. e5 Bxg2 31. e6 Nf6 32. Kxg2 Rd5 33. Nxf6 Rxd4
{0-1 (33) Hurstel,A (1769)-Midy,R (2160) AVOINE 2019} 0-1

[Event "34ème Open International d'Avoine"]
[Site "AVOINE"]
[Date "2019.07.20"]
[Round "5.46"]
[White "Piron, Jean-Marie"]
[Black "Harutyunyan, Safar"]
[Result "0-1"]
[WhiteElo "1763"]
[BlackElo "2149"]
[PlyCount "82"]
[EventDate "2019.??.??"]
[BlackTeam "Echiquier Club Le Mans"]

1. b4 c6 2. Bb2 Qb6 3. a3 a5 4. c4 d6 5. Nc3 Nf6 6. e3 Bf5 7. b5 Nbd7 8. d4 e6
9. Nf3 Be7 10. Be2 Qc7 11. a4 c5 12. O-O h6 13. Nd2 Bh7 14. Rc1 O-O 15. d5 e5
16. e4 Bg6 17. g3 Nh7 18. f4 exf4 19. gxf4 f5 20. Kh1 Nhf6 21. Rg1 Kh7 22. Qf1
Rg8 23. Qg2 Nf8 24. Nf3 Nh5 25. exf5 Bxf5 26. Ng5+ Bxg5 27. fxg5 Nf4 28. Qf3
Nxe2 29. Nxe2 Bg6 30. Nf4 Re8 31. Nxg6 Nxg6 32. Qd3 Qe7 33. Rg2 Qe4 34. Qxe4
Rxe4 35. gxh6 gxh6 36. Rf2 Rf8 37. Rxf8 Nxf8 38. Rf1 Kg8 39. Rg1+ Kf7 40. Rg7+
Ke8 41. Rxb7 Re1+ {0-1 (41) Piron,J (1763)-Harutyunyan,S (2149) AVOINE 2019}
0-1

[Event "34ème Open International d'Avoine"]
[Site "AVOINE"]
[Date "2019.07.20"]
[Round "5.47"]
[White "David, Marie"]
[Black "Frick, Christoph"]
[Result "0-1"]
[WhiteElo "1598"]
[BlackElo "2134"]
[PlyCount "76"]
[EventDate "2019.??.??"]
[WhiteTeam "Echiquier Club Le Mans"]
[BlackTeam "Mulhouse Philidor"]

1. d4 g6 2. Nf3 Bg7 3. Bf4 d6 4. e4 Nd7 5. c3 e5 6. dxe5 dxe5 7. Bg3 Qe7 8.
Nbd2 Ngf6 9. Bc4 O-O 10. O-O b6 11. Qc2 Bb7 12. Rad1 h6 13. Rfe1 a5 14. a3 Nh5
15. Bh4 g5 16. Bg3 a4 17. Be2 Nxg3 18. hxg3 Nc5 19. Nh2 Rfd8 20. Ng4 h5 21. Ne3
g4 22. Nf5 Qg5 23. Nxg7 Kxg7 24. Bc4 h4 25. gxh4 Qxh4 26. g3 Qh7 27. Bf1 Rd6
28. Bg2 Rh8 29. Kf1 f5 30. Nc4 Ba6 31. Qe2 Qg8 32. Rd5 Rxd5 33. exd5 e4 34. Kg1
Qh7 35. Rd1 Nd7 36. Rd4 Ne5 37. Qe3 Bxc4 38. Qg5+ Kf7 {
0-1 (38) David,M (1598) -Frick,C (2134) AVOINE 2019} 0-1

[Event "34ème Open International d'Avoine"]
[Site "AVOINE"]
[Date "2019.07.20"]
[Round "5.48"]
[White "Afraoui, Anaelle"]
[Black "Veysseyre, Robin"]
[Result "1-0"]
[WhiteElo "2110"]
[BlackElo "1878"]
[PlyCount "69"]
[EventDate "2019.??.??"]
[WhiteTeam "Clichy-Echecs-92"]
[BlackTeam "l'Echiquier de La Ville Montreuil"]

1. e4 e5 2. Nf3 Nc6 3. Bb5 a6 4. Ba4 Nf6 5. O-O Be7 6. Re1 b5 7. Bb3 O-O 8. h3
d6 9. c3 Na5 10. Bc2 c6 11. d4 Qc7 12. b3 h6 13. Nbd2 Be6 14. Nf1 Rfe8 15. Ng3
Rad8 16. a4 Bf8 17. Bd2 Ra8 18. Ra2 Reb8 19. axb5 axb5 20. Qb1 Nb7 21. Qa1 Qd8
22. Be3 Rxa2 23. Qxa2 Ra8 24. Qb2 Qc7 25. Ra1 Rxa1+ 26. Qxa1 Na5 27. Qa2 Be7
28. dxe5 dxe5 29. Nxe5 Bd6 30. Nf3 Bxg3 31. fxg3 Qxg3 32. Qxa5 Bxh3 33. Qd8+
Kh7 34. Qd2 Ng4 35. Bf4 {
1-0 (35) Afraoui,A (2110)-Veysseyre,R (1878) AVOINE 2019} 1-0

[Event "34ème Open International d'Avoine"]
[Site "AVOINE"]
[Date "2019.07.20"]
[Round "5.49"]
[White "Morel, Jules"]
[Black "Wlodarczyk, Cyril"]
[Result "0-1"]
[WhiteElo "1587"]
[BlackElo "2098"]
[PlyCount "62"]
[EventDate "2019.??.??"]
[WhiteTeam "Echiquier Domloupéen"]
[BlackTeam "Cergy Pontoise Echecs"]

1. d4 Nf6 2. c4 e6 3. Nc3 Bb4 4. e3 O-O 5. Bd3 c5 6. Nge2 b6 7. O-O cxd4 8.
exd4 Bb7 9. Qc2 h6 10. a3 Be7 11. b4 d6 12. Ne4 Nbd7 13. Rd1 Qc7 14. N2c3 a6
15. Ng3 Rac8 16. Qe2 Rfe8 17. f4 Bf8 18. Qf2 Ng4 19. Qe1 d5 20. c5 bxc5 21.
bxc5 Bxc5 22. Nce2 Ba7 23. Qd2 Nc5 24. Bb1 Ne4 25. Qd3 Ngf2 26. Qb3 a5 27. Bd3
e5 28. fxe5 Qxe5 29. Bf4 Qf6 30. Qa4 Nxg3 31. Bxg3 Rxe2 {
0-1 (31) Morel,J (1587)-Wlodarczyk,C (2098) AVOINE 2019} 0-1

[Event "34ème Open International d'Avoine"]
[Site "AVOINE"]
[Date "2019.07.20"]
[Round "5.50"]
[White "Lemire, Axel"]
[Black "Julien, Jules-Alois"]
[Result "0-1"]
[WhiteElo "1586"]
[BlackElo "2093"]
[PlyCount "100"]
[EventDate "2019.??.??"]
[WhiteTeam "Ass Familliale d Evreux Section Echecs Evreux"]
[BlackTeam "Club d'Echecs de la Bruffière"]

1. e4 c5 2. Nf3 d6 3. d4 cxd4 4. Nxd4 Nf6 5. Nc3 Nc6 6. Be2 g6 7. Be3 Bg7 8.
O-O O-O 9. f4 Qb6 10. Na4 Qa5 11. Nc3 a6 12. Kh1 Bd7 13. Bf3 Rac8 14. h3 Nxd4
15. Bxd4 Bc6 16. Re1 Rfd8 17. a3 b5 18. Nd5 Bxd5 19. exd5 Qc7 20. c3 Re8 21.
Rc1 Qb7 22. Bf2 Nd7 23. Bd4 Bxd4 24. Qxd4 Qb6 25. Qxb6 Nxb6 26. Kg1 Kf8 27. Kf2
Rc4 28. Re4 Rc5 29. Rd4 Rec8 30. Rd3 a5 31. Rd4 f5 32. Re1 Rc4 33. Rd2 Rxf4 34.
Rde2 Rc7 35. Re3 Nxd5 36. Re6 b4 37. g3 Rxf3+ 38. Kxf3 bxc3 39. R6e2 cxb2 40.
Rxb2 Rc3+ 41. Kf2 Rxa3 42. Ree2 Nc3 43. Re1 Ne4+ 44. Kg2 Rxg3+ 45. Kh2 Ra3 46.
Rg1 Ng5 47. Rb7 Rxh3+ 48. Kg2 Re3 49. Kf2 Re4 50. Ra7 a4 0-1

[Event "34ème Open International d'Avoine"]
[Site "AVOINE"]
[Date "2019.07.20"]
[Round "6.1"]
[White "Mullon, Jean-Baptiste"]
[Black "Eden, James"]
[Result "1-0"]
[WhiteElo "2378"]
[BlackElo "2343"]
[PlyCount "138"]
[EventDate "2019.??.??"]
[WhiteTeam "Echiquier Agenais"]
[BlackTeam "U.S.Villejuif Echecs"]

1. e4 {[%emt 0:00:02]} e5 {[%emt 0:04:04]} 2. Nf3 {[%emt 0:00:10]} Nc6 {
[%emt 0:00:08]} 3. Bb5 {[%emt 0:00:06]} Nf6 {[%emt 0:00:15]} 4. d3 {
[%emt 0:00:04]} d6 {[%emt 0:01:05]} 5. c3 {[%emt 0:04:12]} g6 {[%emt 0:00:30]}
6. O-O {[%emt 0:00:00]} Bg7 {[%emt 0:00:46]} 7. Re1 {[%emt 0:03:33]} Bd7 {
[%emt 0:01:05]} 8. d4 {[%emt 0:00:39]} O-O {[%emt 0:02:55]} 9. d5 {
[%emt 0:02:24]} Ne7 {[%emt 0:01:00]} 10. c4 {[%emt 0:06:59]} Bc8 {
[%emt 0:12:01]} 11. c5 {[%emt 0:05:31]} Nh5 {[%emt 0:13:53]} 12. cxd6 {
[%emt 0:15:32]} cxd6 {[%emt 0:01:18]} 13. Nc3 {[%emt 0:00:04]} f5 {
[%emt 0:06:24]} 14. Ng5 {[%emt 0:07:03]} h6 {[%emt 0:06:02]} 15. Ne6 {
[%emt 0:00:08]} Bxe6 {[%emt 0:00:11]} 16. dxe6 {[%emt 0:00:04]} fxe4 {
[%emt 0:00:40]} 17. Bd7 {[%emt 0:01:58]} Nf5 {[%emt 0:14:57]} 18. Nxe4 {
[%emt 0:01:16]} Qe7 {[%emt 0:00:10]} 19. Qd5 {[%emt 0:24:35]} Kh7 {
[%emt 0:15:18]} 20. Be3 {[%emt 0:05:56]} Nf6 {[%emt 0:01:35]} 21. Nxf6+ {
[%emt 0:02:37]} Qxf6 {[%emt 0:00:07]} 22. f3 {[%emt 0:02:28]} h5 {
[%emt 0:09:33]} 23. Bf2 {[%emt 0:00:00]} Bh6 {[%emt 0:03:10]} 24. Rad1 {
[%emt 0:00:46]} h4 {[%emt 0:01:23]} 25. e7 {[%emt 0:05:53]} Qxe7 {
[%emt 0:06:18]} 26. Bxf5 {[%emt 0:00:01]} Rxf5 {[%emt 0:01:24]} 27. Qxd6 {
[%emt 0:00:49]} Re8 {[%emt 0:05:24]} 28. Qxe7+ {[%emt 0:00:32]} Rxe7 {
[%emt 0:00:02]} 29. Bxh4 {[%emt 0:00:10]} Rc7 {[%emt 0:00:00]} 30. Re2 {
[%emt 0:00:15]} Bg7 {[%emt 0:01:47]} 31. Bd8 {[%emt 0:01:04]} Rcf7 {
[%emt 0:00:29]} 32. Bh4 {[%emt 0:05:16]} e4 {[%emt 0:00:12]} 33. Rxe4 {
[%emt 0:01:21]} Bxb2 {[%emt 0:00:03]} 34. Bf2 {[%emt 0:00:16]} b6 {
[%emt 0:00:00]} 35. Rd2 {[%emt 0:02:10]} Bg7 {[%emt 0:00:55]} 36. Rh4+ {
[%emt 0:00:20]} Kg8 {[%emt 0:00:10]} 37. Rg4 {[%emt 0:01:19]} Kh7 {
[%emt 0:00:11]} 38. h4 {[%emt 0:01:24]} b5 {[%emt 0:00:50]} 39. Rd6 {
[%emt 0:00:37]} R5f6 {[%emt 0:00:00]} 40. Rxf6 {[%emt 0:00:32]} Bxf6 {
[%emt 0:00:20]} 41. Rf4 {[%emt 0:16:15]} Kg7 {[%emt 0:00:48]} 42. Bd4 {
[%emt 0:01:34]} Bxd4+ {[%emt 0:01:35]} 43. Rxd4 {[%emt 0:00:00]} a5 {
[%emt 0:04:29]} 44. Kf2 {[%emt 0:04:09]} Rb7 {[%emt 0:06:00]} 45. Ke3 {
[%emt 0:02:33]} b4 {[%emt 0:00:25]} 46. Kd3 {[%emt 0:01:34]} a4 {[%emt 0:01:07]
} 47. Kc2 {[%emt 0:00:44]} Re7 {[%emt 0:03:47]} 48. Rxb4 {[%emt 0:07:15]} Re2+
{[%emt 0:00:18]} 49. Kb1 {[%emt 0:00:41]} a3 {[%emt 0:05:13]} 50. Ra4 {
[%emt 0:00:18]} Rb2+ {[%emt 0:03:40]} 51. Ka1 {[%emt 0:00:13]} Rxg2 {
[%emt 0:00:09]} 52. Rxa3 {[%emt 0:00:05]} Rh2 {[%emt 0:02:47]} 53. Ra4 {
[%emt 0:06:48]} Kf6 {[%emt 0:00:25]} 54. Rf4+ {[%emt 0:00:07]} Ke5 {
[%emt 0:00:22]} 55. Rg4 {[%emt 0:00:59]} Rh3 {[%emt 0:04:07]} 56. Rxg6 {
[%emt 0:00:49]} Rxh4 {[%emt 0:06:45]} 57. Rb6 {[%emt 0:01:20]} Rh2 {
[%emt 0:01:54]} 58. Rb2 {[%emt 0:00:00]} Rh1+ {[%emt 0:01:00]} 59. Rb1 {
[%emt 0:00:01]} Rh2 {[%emt 0:00:18]} 60. Rd1 {[%emt 0:00:09]} Rf2 {
[%emt 0:08:02]} 61. Rd3 {[%emt 0:00:07]} Rh2 {[%emt 0:00:05]} 62. Kb1 {
[%emt 0:00:41]} Ke6 {[%emt 0:01:01]} 63. a4 {[%emt 0:00:27]} Rh4 {
[%emt 0:00:06]} 64. Ra3 {[%emt 0:00:03]} Kd6 {[%emt 0:00:16]} 65. Kc2 {
[%emt 0:00:32]} Kc5 {[%emt 0:00:58]} 66. Kd3 {[%emt 0:00:50]} Kb4 {
[%emt 0:01:00]} 67. Ra1 {[%emt 0:00:31]} Ka5 {[%emt 0:00:06]} 68. Ke3 {
[%emt 0:00:31]} Rh8 {[%emt 0:00:06]} 69. f4 {[%emt 0:00:15]} Re8+ {
1-0 (69) Mullon, J (2378)-Eden,J (2343) Avoine, France 2019 [%emt 0:00:23]} 1-0

[Event "34ème Open International d'Avoine"]
[Site "AVOINE"]
[Date "2019.07.20"]
[Round "6.2"]
[White "Stephan, Victor"]
[Black "Burri, Quentin"]
[Result "1/2-1/2"]
[WhiteElo "2358"]
[BlackElo "2422"]
[PlyCount "39"]
[EventDate "2019.??.??"]
[WhiteTeam "C'Chartres Echecs"]
[BlackTeam "Mulhouse Philidor"]

1. d4 {[%emt 0:00:04]} d5 {[%emt 0:00:04]} 2. c4 {[%emt 0:00:15]} c6 {
[%emt 0:00:00]} 3. cxd5 {[%emt 0:01:08]} cxd5 {[%emt 0:00:19]} 4. Nf3 {
[%emt 0:00:44]} Nf6 {[%emt 0:01:50]} 5. Nc3 {[%emt 0:01:15]} Nc6 {
[%emt 0:01:24]} 6. Bf4 {[%emt 0:02:34]} a6 {[%emt 0:02:07]} 7. e3 {
[%emt 0:03:10]} Bg4 {[%emt 0:03:19]} 8. Qb3 {[%emt 0:02:27]} Na5 {
[%emt 0:04:37]} 9. Qa4+ {[%emt 0:01:26]} Bd7 {[%emt 0:04:09]} 10. Qc2 {
[%emt 0:04:32]} Nc6 {[%emt 0:04:21]} 11. h3 {[%emt 0:00:00]} Rc8 {
[%emt 0:02:17]} 12. a3 {[%emt 0:02:18]} e6 {[%emt 0:03:12]} 13. Bd3 {
[%emt 0:02:31]} Be7 {[%emt 0:01:05]} 14. Ne5 {[%emt 0:01:17]} O-O {
[%emt 0:01:21]} 15. Nxc6 {[%emt 0:01:23]} Bxc6 {[%emt 0:01:03]} 16. O-O {
[%emt 0:01:00]} Bd6 {[%emt 0:05:01]} 17. Bxd6 {[%emt 0:02:22]} Qxd6 {
[%emt 0:00:05]} 18. Rac1 {[%emt 0:00:50]} Qd7 {[%emt 0:02:03]} 19. Qe2 {
[%emt 0:02:01]} Ne4 {[%emt 0:02:49]} 20. Rfd1 {
1/2-1/2 (20) Stephan,V (2358)-Burri,Q (2422) Avoine, France 2019 [%emt 0:02:09]
} 1/2-1/2

[Event "34ème Open International d'Avoine"]
[Site "AVOINE"]
[Date "2019.07.20"]
[Round "6.3"]
[White "Defromont, Benjamin"]
[Black "Haub, Thorsten Michael"]
[Result "0-1"]
[WhiteElo "2245"]
[BlackElo "2404"]
[PlyCount "52"]
[EventDate "2019.??.??"]
[WhiteTeam "Cannes Echecs"]
[BlackTeam "L'Echiquier Dieppois"]

1. e4 {[%emt 0:00:03]} e6 {[%emt 0:00:07]} 2. d4 {[%emt 0:00:05]} d5 {
[%emt 0:00:00]} 3. Nc3 {[%emt 0:00:05]} Bb4 {[%emt 0:00:05]} 4. Bd3 {
[%emt 0:00:27]} c5 {[%emt 0:02:19]} 5. exd5 {[%emt 0:00:36]} Qxd5 {
[%emt 0:04:48]} 6. Bd2 {[%emt 0:02:45]} Bxc3 {[%emt 0:08:42]} 7. Bxc3 {
[%emt 0:03:18]} cxd4 {[%emt 0:01:58]} 8. Bxd4 {[%emt 0:00:11]} e5 {
[%emt 0:07:17]} 9. Bc3 {[%emt 0:05:27]} Nf6 {[%emt 0:10:45]} 10. f3 {
[%emt 0:17:21]} Nc6 {[%emt 0:05:32]} 11. Qe2 {[%emt 0:00:00]} Be6 {
[%emt 0:01:12]} 12. h4 {[%emt 0:25:03]} O-O {[%emt 0:08:28]} 13. Nh3 {
[%emt 0:01:07]} Nd4 {[%emt 0:00:48]} 14. Qe3 {[%emt 0:03:13]} Qc5 {
[%emt 0:05:26]} 15. Qf2 {[%emt 0:11:34]} Bxh3 {[%emt 0:08:41]} 16. Rxh3 {
[%emt 0:03:00]} Nd5 {[%emt 0:00:17]} 17. Bxd4 {[%emt 0:01:03]} exd4 {
[%emt 0:00:09]} 18. O-O-O {[%emt 0:00:33]} Rac8 {[%emt 0:10:20]} 19. Kb1 {
[%emt 0:02:11]} Rfe8 {[%emt 0:01:15]} 20. Rhh1 {[%emt 0:04:34]} Re6 {
[%emt 0:08:19]} 21. Ka1 {[%emt 0:11:57]} Rb6 {[%emt 0:05:01]} 22. Rhe1 {
[%emt 0:05:54]} Nc3 {[%emt 0:03:24]} 23. Rd2 {[%emt 0:02:49]} Rxb2 {
[%emt 0:02:17]} 24. Kxb2 {[%emt 0:00:11]} Qb4+ {[%emt 0:00:05]} 25. Ka1 {
[%emt 0:00:05]} Qa4 {[%emt 0:00:06]} 26. Bc4 {[%emt 0:00:00]} Qxc4 {
0-1 (26) Defromont,B (2245)-Haub,T (2404) Avoine, France 2019 [%emt 0:00:09]}
0-1